| 000 | 01008nam a2200241Ia 4500 | ||
|---|---|---|---|
| 999 |
_c56085 _d56085 |
||
| 001 | 23185 | ||
| 003 | GE_BSU | ||
| 005 | 20230719123456.0 | ||
| 008 | 181216s1958||||ge |||||||||||||| ||geo|| | ||
| 040 | _cGE_BSU | ||
| 041 | _ageo | ||
| 080 | _a821.111(73)-32 ჰ-45 | ||
| 100 |
_aჰენრი, ო. _919436 |
||
| 245 |
_aნოველები / _cო. ჰენრი ; ინგლ. თარგმნა : ნ. ლარიონმა და კ. იაშვილმა ; რედ. ლ. ელიოზიშვილი. |
||
| 264 |
_aთბილისი : _bსაბჭ. საქართველო, _c1958. |
||
| 300 |
_a77 გვ. ; _c20 სმ. |
||
| 541 | _h2 ლ. | ||
| 653 | _aნოველები | ||
| 700 |
_aლარიონი, ნ. _eმთარგმნელი _919437 |
||
| 700 |
_aიაშვილი, კ. _eმთარგმნელი _919438 |
||
| 700 |
_aელიოზიშვილი, ლ. _eრედაქტორი _919151 |
||
| 942 |
_cBK _2udc |
||